000 00462nam a2200169Ia 4500
001 10937
005 20260306161909.0
008 260306t9999||||xx |||||||||||||| ||spa||
041 _aESP
082 _a983
_bCH553
100 _aZegers A., Cristián
_eAUT
245 0 _aChile en cuatro momentos:
_blas celebraciones oficiales del centenario. Los detractores de la fiesta
300 _a
_c28 cm.
650 _aGEN
654 _aCHU
942 _cLIB
_dJUS
_fJUS
_2ddc
_n
999 _c10937
_d10937